| 000 | 00605nam a22001577a 4500 | ||
|---|---|---|---|
| 003 | OSt | ||
| 005 | 20151003143036.0 | ||
| 008 | 151003b xxu||||| |||| 00| 0 eng d | ||
| 040 | _cRUA | ||
| 082 | _aAVM KEO 1993 B073 Or.1 | ||
| 100 |
_91903 _aKEO SATH |
||
| 245 | _aEffect of oil palm and cassava silage on digestibilty of pigs, (ឥទ្ធិពលនៃប្រេង និង ស្លឹកដំឡូងមីផ្អាប់ទៅលើលទ្ធភាពរំលាយរបស់ជ្រូក) | ||
| 260 |
_aphnom penh _bRUA _c1993 |
||
| 300 |
_aviii. _bill. _c29cm. |
||
| 942 |
_2ddc _cAVM |
||
| 999 |
_c1798 _d1798 |
||